000 00397nam a2200157 i 4500
001 bg
100 1 _aZAJCOV, JU.N.
245 0 _aPoluprovadnikovye rezistory v radioschemach. /
_cJu.N.Zajcov, A.N.Marcenko.
260 _aMoskva,
_c1971.
700 1 _aZAJCOV, JU. N.
700 1 _aMARCENKO, A. N.
040 _cBPK
041 _apol
942 _cKS
008 s pl f |000 0 pol
999 _c14067
_d14067
856 _uhttp://koha.tu.koszalin.pl/cgi-bin/koha/opac-detail.pl?biblionumber=14067
_yKatalog online BPK